00702nam a2200229 a 4500001001300000003000900013005001700022008004100039020001000080082002000090100001900110245005100129260004500180300001000225500003500235650002800270700001900298902000800317942000700325952012300332999001700455nice12345678IN_TiNIC20260116015020.0070626s2000 newa grp 000 0 eng  ac10000a491.439321bPLA aPlatts, John T aDictionary of Urdu Classical Hindi and English aNew DelhibOxford University Pressc2000 a1295p aincludes index and biblioraphy aDictionary-Urdu-English1 aPlatts, John T bRHR cBK 001040708ReferHall-aHMIbHMId2007-06-26g100.00l0o491.439321 PLAp11000945r2007-06-26v100.00w2007-06-26yBK c17951d17951